00654nam a22002297a 450000500170000001000130001702000100003003500130004003700160005304000120006908200200008110000320010124500520013324600390018526000590022427000500028330000210033365000230035465000160037765000210039365000100041420170123162353.0 aA-880706 c35.00 aA-880706 bCen Lib/Ret aDPLbUR a ک bم ی ر  aدہلوی، میر امن  a/ باغ و بہار cمیر امن دہلوی aBag w bahar /bby Mir Aman Dehlawi aنئی دہلیbادار بزم خضر راهc1991 aجاممہ نگر bنئی دہلیe110025 a200p.c18cm(pbk) aاردو زبان  aکہانی  aUrdu literature  aStory